[Event "Oberliga Nord N9293"]
[Site "Germany"]
[Date "1993.??.??"]
[Round "?"]
[White "Jordan, William"]
[Black "Schulz, Wolfgang"]
[Result "1-0"]
[WhiteElo "2310"]
[BlackElo "2135"]

1.d4 Nf6 2.Nf3 g6 3.g3 Bg7 4.Bg2 O-O 5.c4 d6 6.Nc3 Nc6 7.O-O a6 8.Qd3 Bg4
9.h3 Bxf3 10.Bxf3 Nd7 11.e3 e5 12.d5 Ne7 13.Be2 f5 14.f4 Kh8 15.Rb1 a5 16.b3 Ng8
17.a3 Ngf6 18.b4 b6 19.Kh2 Qe7 20.Bb2 exf4 21.exf4 axb4 22.axb4 Rfe8 23.Bf3 Qe3
24.Qc2 Ne4 25.Bxe4 fxe4 26.Nb5 Qd3 27.Bxg7+ Kxg7 28.Rf2 Rac8 29.Rb3 Qxc2
30.Rxc2 Kf6 31.Re3 g5 32.Rf2 gxf4 33.Rxf4+ Kg6 34.Rfxe4 Rxe4 35.Rxe4 Ne5
36.Kg2 Ra8 37.Nxc7 Ra2+ 38.Kf1 Rc2 39.Ne8 Nxc4 40.Re6+ Kf5 41.Nxd6+ Nxd6
42.Rxd6 b5 43.Rc6 Rb2 44.Rh6 Ke4 45.d6 Kf3 46.Ke1 Rxb4 47.Rh4 Rb1+ 48.Kd2 Ra1
49.d7 Ra8 50.g4 Kf4 51.Rxh7 Rd8 52.Kc3 Kg5 53.Rh5+ Kf6 54.Rd5 Ke6 55.Rd3 Ke5
56.Kb4  1-0

[Event "NRW-Liga II 9293"]
[Site "Germany"]
[Date "1993.??.??"]
[Round "?"]
[White "Dautov, Rustem"]
[Black "Freckmann, Mark"]
[Result "1-0"]
[WhiteElo "2625"]
[BlackElo "2300"]

1.d4 Nf6 2.c4 g6 3.Nf3 Bg7 4.g3 O-O 5.Bg2 d6 6.Nc3 Nbd7 7.O-O e5 8.e4 exd4
9.Nxd4 Re8 10.Be3 Ne5 11.b3 Neg4 12.Bf4 Nd7 13.h3 Nge5 14.Qd2 Nc5 15.Bg5 f6
16.Be3 c6 17.f4 Nf7 18.b4 Ne6 19.Nb3 Qc7 20.Rad1 b6 21.f5 Nf8 22.Bf4 Nd7
23.c5 Nde5 24.cxd6 Qd7 25.a4 Rd8 26.Qa2 Qe8 27.b5 Kh8 28.bxc6 Qxc6 29.Nb5 Ba6
30.N3d4 Qd7 31.Ne6 Bxb5 32.axb5 Rdc8 33.Qd5 g5 34.Bxe5 Nxe5 35.Rc1 Qf7 36.Rc7 Nd7
37.Qc6 Rd8 38.Ra1  1-0

[Event "NRW-Liga II 9293"]
[Site "Germany"]
[Date "1993.??.??"]
[Round "?"]
[White "Dautov, Rustem"]
[Black "Schebler, Gerhard"]
[Result "1-0"]
[WhiteElo "2625"]
[BlackElo "2365"]

1.d4 Nf6 2.Nf3 g6 3.c4 Bg7 4.g3 O-O 5.Bg2 d6 6.Nc3 Nbd7 7.O-O e5 8.e4 exd4
9.Nxd4 Re8 10.h3 a6 11.Re1 Rb8 12.Rb1 h6 13.Bf4 Ne5 14.b3 Bd7 15.Qd2 Kh7
16.Rbd1 Qc8 17.g4 h5 18.g5 Ng8 19.Kh2 b5 20.cxb5 axb5 21.Bg3 b4 22.Nd5 c5
23.Nc2 Bb5 24.f4 Nc6 25.f5 Be5 26.Qf2 Rb7 27.Bxe5 Rxe5 28.Nf4 Qd8 29.Qh4 Kg7
30.f6+ Kf8 31.Rd5 Ra7 32.Red1 Rxd5 33.exd5 Ne5 34.Ne6+ fxe6 35.dxe6 Rxa2
36.Qf2 Bd3 37.Rd2 Bf5 38.Qxc5 Rxc2 39.Rxd6 Nf3+ 40.Kh1  1-0

[Event "NRW-Liga II 9293"]
[Site "Germany"]
[Date "1993.??.??"]
[Round "?"]
[White "Rohde, Ulrich"]
[Black "Stoeber, Michael"]
[Result "0-1"]
[WhiteElo "2285"]
[BlackElo "2190"]

1.c4 g6 2.Nf3 Bg7 3.d4 Nf6 4.g3 O-O 5.Bg2 d6 6.O-O Nc6 7.Nc3 a6 8.d5 Na5
9.Nd2 c5 10.Rb1 Qc7 11.b3 Rb8 12.Bb2 b5 13.Ba1 e6 14.dxe6 Bxe6 15.Nd5 Bxd5
16.cxd5 b4 17.Qc2 Qb6 18.h3 Rbc8 19.Kh2 Qb5 20.Nc4 Nxc4 21.bxc4 Qe8 22.e4 Nd7
23.Bxg7 Kxg7 24.f4 Qe7 25.Rbe1 Rfe8 26.Re3 Qf6 27.Rfe1 Re7 28.Qe2 Rce8 29.h4 a5
30.Bh3 a4 31.e5 Nxe5 32.fxe5 Rxe5 33.Rxe5 Rxe5 34.Qf1 Qxf1 35.Rxf1 Re2+ 36.Kg1 Rxa2
37.Bd7 b3 38.Rb1 b2 39.Kf2 a3 40.Ba4 Ra1 41.Bc2 a2 42.Rxb2 Rf1+ 43.Kxf1 a1=Q+
44.Rb1 Qc3  0-1

[Event "NRW-Liga II 9293"]
[Site "Germany"]
[Date "1993.??.??"]
[Round "?"]
[White "Wolter, Kai"]
[Black "Stoeber, Michael"]
[Result "1-0"]
[WhiteElo "2250"]
[BlackElo "2190"]

1.d4 Nf6 2.Nf3 g6 3.g3 Bg7 4.Bg2 O-O 5.c4 d6 6.O-O Nc6 7.Nc3 a6 8.d5 Na5
9.Nd2 c5 10.Qc2 Rb8 11.b3 b5 12.Bb2 Bh6 13.f4 bxc4 14.bxc4 e5 15.dxe6 Bxe6
16.Nd5 Rxb2 17.Qxb2 Bg7 18.Qc1 Bxd5 19.cxd5 Ng4 20.Rb1 Bd4+ 21.Kh1 Nf2+ 22.Rxf2 Bxf2
23.e4 Qc7 24.e5 dxe5 25.Ne4 Bd4 26.d6 Qd8 27.fxe5 Kg7 28.Nxc5 Bxe5 29.d7 Qc7
30.Nxa6 Qxd7 31.Qc5 Qd3 32.Qxe5+ f6 33.Qb5  1-0

[Event "BL2-S9293"]
[Site "Germany"]
[Date "1993.??.??"]
[Round "?"]
[White "Schuh, Hubert"]
[Black "Howell, James C"]
[Result "1/2-1/2"]
[WhiteElo "2350"]
[BlackElo "2470"]

1.d4 Nf6 2.Nf3 g6 3.c4 Bg7 4.g3 O-O 5.Bg2 d6 6.O-O Nc6 7.d5 Na5 8.Qa4 c5
9.Bd2 b6 10.Bc3 Bd7 11.Qc2 Bf5 12.Qc1 Rb8 13.Re1 e5 14.dxe6 Bxe6 15.b3 d5
16.cxd5 Bxd5 17.Qb2 Qe7 18.Na3 Ba8 19.Rad1 Rfd8 20.Nc2 Nh5 21.Bxg7 Nxg7 22.Ne3 h5
23.Ne5 Bxg2 24.Kxg2 Nc6 25.Nf3 Qe6 26.Ng5 Qe7 27.Nf3 Qe6 28.Ng5 Qe7 29.Nf3  1/2-1/2

[Event "BL2-N9293"]
[Site "Germany"]
[Date "1993.??.??"]
[Round "?"]
[White "Muse, Drazen"]
[Black "Meyer, Claus Dieter"]
[Result "0-1"]
[WhiteElo "2295"]
[BlackElo "2325"]

1.d4 Nf6 2.Nf3 g6 3.c4 Bg7 4.g3 O-O 5.Bg2 d6 6.O-O c6 7.Nc3 Bg4 8.h3 Bxf3
9.Bxf3 Nbd7 10.b3 e5 11.e3 Ne8 12.a4 a5 13.Ra2 f5 14.dxe5 Bxe5 15.Ne2 Nc5
16.Ba3 Qb6 17.Nc1 Ne4 18.Bxe4 fxe4 19.Qg4 Nf6 20.Qe6+ Kh8 21.c5 Qa7 22.cxd6 Rfe8
23.Qc4 Rad8 24.Rd2 Qb8 25.Rfd1 Qc8 26.d7 Rxd7 27.Rxd7 Nxd7 28.Qxe4 Nf6 29.Qg2 Rd8
30.Rd3 Re8 31.Bd6 Bb2 32.Ne2 Ne4 33.Qf1 Qe6 34.Nf4 Qf6 35.h4 Nxd6 36.Qb1 Be5
37.Ne2 Qf3 38.Nf4 Ne4 39.Qc2 g5 40.Ng2 Rf8  0-1

[Event "BL2-N9293"]
[Site "Germany"]
[Date "1993.??.??"]
[Round "?"]
[White "Loeffler, Stefan"]
[Black "Mowsziszian, Karen"]
[Result "1-0"]
[WhiteElo "2315"]
[BlackElo "2435"]

1.d4 Nf6 2.Nf3 g6 3.c4 Bg7 4.g3 O-O 5.Bg2 d6 6.Nc3 Nbd7 7.O-O e5 8.h3 c6
9.e4 Qb6 10.c5 dxc5 11.dxe5 Ne8 12.Be3 Qxb2 13.Na4 Qa3 14.Qc2 b5 15.Nxc5 Nxe5
16.Nxe5 Bxe5 17.Rad1 Nc7 18.Nd3 Qc3 19.Qb1 Bg7 20.Rc1 Qa5 21.Nb4 Bb7 22.Nxc6 Bxc6
23.Rxc6 Ne6 24.Rd1 Rfd8 25.Rd5 Rab8 26.e5 Qa4 27.f4 Nd4 28.Rc7 Qa5 29.Rdd7 Rxd7
30.Rxd7 Nf5 31.Bxa7 Rc8 32.Qb3 Qe1+ 33.Kh2 Kh8 34.Bc5 h5 35.Bb4 Qf2 36.Rd2 Qa7
37.Qf3 h4 38.g4 Ng3 39.Qf2 Qa4 40.Be7 Rc1 41.Bxh4 Ne4 42.Rd8+ Kh7 43.Qe3 Rc4
44.Rd7 Qxa2 45.Ra7 Qb2 46.Rxf7 Kg8 47.Qa7 Bxe5 48.Qe7 Bg7 49.Bf6 Qxf6 50.Rxf6 Nxf6
51.g5 Rxf4 52.gxf6 Rxf6 53.Be4 Kh7 54.h4 Kh6 55.Bd3 b4 56.Qe3+ Kh7 57.h5 Bf8
58.hxg6+ Kg8 59.Qh3 Bg7 60.Bc4+  1-0

[Event "Oberliga Nord N9293"]
[Site "Germany"]
[Date "1993.??.??"]
[Round "?"]
[White "Tatenhorst, Volker"]
[Black "Siemers, Joerg"]
[Result "1/2-1/2"]
[WhiteElo "2250"]
[BlackElo "2205"]

1.d4 Nf6 2.c4 g6 3.Nf3 Bg7 4.g3 O-O 5.Bg2 d6 6.O-O Nbd7 7.Nc3 e5 8.e4 c6
9.h3 Qb6 10.d5 Nc5 11.Qe2 Qa6 12.Re1 Nb3 13.Rb1 Nxc1 14.Rbxc1 cxd5 15.cxd5 Qxe2  1/2-1/2

[Event "Oberliga Nord O9394"]
[Site "Germany"]
[Date "1993.??.??"]
[Round "?"]
[White "Heuer, Thomas"]
[Black "Knuth, Hannes"]
[Result "0-1"]
[WhiteElo "2305"]
[BlackElo "2360"]

1.d4 Nf6 2.Nf3 g6 3.g3 Bg7 4.Bg2 O-O 5.c4 d6 6.O-O Nc6 7.Nc3 a6 8.h3 Rb8
9.Be3 Bd7 10.Rc1 b5 11.cxb5 axb5 12.d5 Na5 13.b3 b4 14.Nb1 Rb5 15.Nd4 Rxd5
16.Bxd5 Nxd5 17.Kg2 Nxe3+ 18.fxe3 c5 19.Nf3 Qc8 20.Ng1 Qa8+ 21.Kh2 Bf5 22.Qd2 h5
23.Nf3 Qc8 24.g4 hxg4 25.hxg4 Be4 26.Rg1 Qe6 27.Rg3 Be5 28.Nxe5 Qxe5 29.Rg1 Kg7
30.Rg2 Rh8+ 31.Kg1 Rh1+  0-1

[Event "GRE-ch"]
[Site "GRE"]
[Date "1993.??.??"]
[Round "2"]
[White "Mastrokoukos, Georgios"]
[Black "Kotronias, Vasilios"]
[Result "0-1"]
[WhiteElo "2325"]
[BlackElo "2590"]

1.d4 Nf6 2.c4 g6 3.Nf3 Bg7 4.g3 O-O 5.Bg2 d6 6.O-O Nbd7 7.Qc2 e5 8.dxe5 dxe5
9.Rd1 Qe7 10.e4 c6 11.b3 Nc5 12.Ba3 Ne8 13.Nc3 Nc7 14.Na4 N7e6 15.Nxc5 Nxc5
16.Ne1 b6 17.Nd3 Be6 18.Nxc5 bxc5 19.Qc3 Rfd8 20.Rxd8+ Rxd8 21.Qa5 Rd3 22.Bf1 Rd7
23.Bxc5 Qg5 24.Qa6 h5 25.Bxa7 h4 26.Be3 Qh5 27.a4 Bf6 28.Qxc6 Kg7 29.Bb6 Rd2
30.a5 Bg4 31.a6 Bf3 32.h3 hxg3 33.fxg3 Bh4 34.Be3 Rb2 35.g4 Bg3 36.Bf2 Bxf2+
37.Kh2 Qh4  0-1

[Event "GRE-ch"]
[Site "GRE"]
[Date "1993.??.??"]
[Round "4"]
[White "Mastrokoukos, Georgios"]
[Black "Vragoteris, Antonios"]
[Result "1-0"]
[WhiteElo "2325"]
[BlackElo "2290"]

1.d4 Nf6 2.c4 g6 3.Nf3 Bg7 4.g3 O-O 5.Bg2 d6 6.O-O Nbd7 7.Qc2 e5 8.dxe5 dxe5
9.e4 c6 10.Rd1 Qe7 11.b3 Nc5 12.Ba3 Ne8 13.b4 Nd7 14.b5 c5 15.Nc3 Nb6 16.Ne1 Be6
17.Nd5 Bxd5 18.cxd5 Nd7 19.d6 Qe6 20.Qb3 Nef6 21.Qxe6 fxe6 22.Nd3 Rfc8 23.f4 Ng4
24.Bh3 h5 25.Nf2 exf4 26.Nxg4 Bxa1 27.Nf2 fxg3 28.Bxe6+ Kg7 29.hxg3 Bd4 30.Bxd7 Rd8
31.Be6 a6 32.Rc1 b6 33.Bd5 Ra7 34.Rc2 axb5 35.Bb2 Rxd6 36.Bxd4+ cxd4 37.Kf1 Ra3
38.Rc7+ Kf6 39.Rf7+ Kg5 40.Bb3 Kh6 41.e5 Rc6 42.Rd7 Rc1+ 43.Kg2 Re1 44.e6 Ra8
45.Rxd4 Rf8 46.Rd7 Re2 47.Rf7 Rxf7 48.exf7 Kg7 49.Kf3 Re7 50.Ne4 Re5 51.Ke3 Kf8
52.Kd4 Rf5 53.Be6 Rf1 54.Ng5 Ke7 55.Bb3 h4 56.gxh4 Rf4+ 57.Kd5 Rxh4 58.Kc6 Rh8
59.Kxb6 Kf6 60.Nh7+  1-0

[Event "Groningen op"]
[Site "Groningen"]
[Date "1993.??.??"]
[Round "10"]
[White "Kinsman, Andrew PH"]
[Black "Poldauf, Dirk"]
[Result "0-1"]
[WhiteElo "2370"]
[BlackElo "2425"]

1.d4 Nf6 2.Nf3 g6 3.c4 Bg7 4.g3 O-O 5.Bg2 d6 6.O-O Nbd7 7.Qc2 e5 8.Rd1 Re8
9.Nc3 c6 10.e4 exd4 11.Nxd4 Qe7 12.b3 Nc5 13.f3 a5 14.Be3 Nfd7 15.Bf2 Ne5
16.h3 h5 17.f4 Ned7 18.Re1 Nf8 19.Rad1 Bd7 20.Nde2 f5 21.Nd4 fxe4 22.Nxe4 Nxe4
23.Rxe4 Qf6 24.Rxe8 Rxe8 25.Qd2 a4 26.Nf3 Qc3 27.Qxc3 Bxc3 28.Rxd6 Re2 29.bxa4 Rxa2
30.Nh4 Bb4 31.Rd1 Kf7 32.Nf3 Rxa4 33.Ne5+ Ke8 34.Be4 Bf5 35.Bxf5 gxf5 36.c5 Ne6
37.Rc1 h4 38.Nd3 hxg3 39.Bxg3 Ra3 40.Be1 Rxd3 41.Bxb4 Nxf4 42.Re1+ Kf7 43.h4 Rg3+
44.Kf2 Rh3  0-1

[Event "Guichen op"]
[Site "Guichen"]
[Date "1993.??.??"]
[Round "?"]
[White "Collas, Didier"]
[Black "Timoshchenko, Gennadi A"]
[Result "1/2-1/2"]
[WhiteElo "2250"]
[BlackElo "2525"]

1.d4 Nf6 2.c4 g6 3.Nf3 Bg7 4.g3 O-O 5.Bg2 d6 6.Nc3 Nc6 7.O-O Bf5 8.b3 Ne4
9.Bb2 Nxc3 10.Bxc3 Be4 11.Qd2 e6 12.e3 d5 13.Qe2 Ne7 14.Rfd1 c6 15.Bb2 Nf5
16.Rac1 Nd6 17.Bf1 Bxf3 18.Qxf3 f5 19.Qe2 Qd7 20.Ba3 Rfe8 21.Bxd6 Qxd6 22.c5 Qe7
23.f4 g5 24.b4 a6 25.a4 gxf4 26.gxf4 Kh8 27.Qh5 Rg8 28.Kh1 Bf6 29.Be2 Rg6
30.Rg1 Qg7 31.Rxg6 Qxg6 32.Rg1 Qxh5 33.Bxh5 Bh4 34.Kg2 Rg8+ 35.Kf1 Rxg1+
36.Kxg1 Kg7 37.Be8 Kf8 38.Bd7 Ke7 39.Bc8 Be1 40.Bxb7 Kd7 41.Bxa6 Bxb4 42.Kf2  1/2-1/2

[Event "Harkany op"]
[Site "Harkany"]
[Date "1993.??.??"]
[Round "2"]
[White "Chetverik, Maxim"]
[Black "Mochalov, Evgeny V"]
[Result "0-1"]
[WhiteElo "2290"]
[BlackElo "2420"]

1.d4 Nf6 2.c4 g6 3.Nf3 Bg7 4.g3 O-O 5.Bg2 d6 6.O-O c6 7.Nc3 Bf5 8.Nh4 Be6
9.d5 cxd5 10.cxd5 Bd7 11.Be3 Na6 12.h3 Qa5 13.Qd2 Rfc8 14.Rfc1 Nc5 15.Rab1 Na4
16.Bd4 Rc4 17.b3 Rxd4 18.Qxd4 Ne8 19.Qd2 Nxc3 20.Rc2 g5 21.Nf3 Bf5 22.e4 Bxe4
23.Nxg5 Bxc2 24.Qxc2 h6 25.Qh7+ Kf8  0-1

[Event "Harkany op"]
[Site "Harkany"]
[Date "1993.??.??"]
[Round "3"]
[White "Mochalov, Evgeny V"]
[Black "Anka, Emil"]
[Result "1-0"]
[WhiteElo "2420"]
[BlackElo "2395"]

1.d4 Nf6 2.c4 g6 3.Nf3 Bg7 4.g3 O-O 5.Bg2 d6 6.O-O Nbd7 7.Qc2 e5 8.Rd1 Re8
9.e4 exd4 10.Nxd4 a6 11.h3 Rb8 12.Nb3 Qe7 13.Nc3 c5 14.Bg5 Nb6 15.Na5 Be6
16.Bf4 Rbd8 17.Qd3 Nc8 18.Nd5 Bxd5 19.exd5 Qc7 20.Bd2 Ne7 21.Rab1 Nd7 22.b4 Ne5
23.Qb3 b6 24.Nc6 N5xc6 25.dxc6 cxb4 26.Qxb4 Bd4 27.Bg5 Bc5 28.Qc3 Nxc6 29.Bxc6 Qxc6
30.Bxd8 Rxd8 31.Qd3 a5 32.Rb2 Rc8 33.Re2 Bb4 34.a3 Bc5 35.Rde1 Qa4 36.Qd5 Qxa3
37.Kg2 Qc3 38.Re8+ Rxe8 39.Rxe8+ Kg7 40.Re4 Qf6 41.Rf4 Qe6 42.Qa8 Qd7 43.g4 Qe7
44.h4 h6 45.Qf3 a4 46.h5 g5 47.Re4 Qf6 48.Re8 Qxf3+ 49.Kxf3 a3 50.Ra8 Kf6
51.Ke4 Ke6 52.f3 Bb4 53.Ra4 Bc5 54.Ra6 d5+ 55.cxd5+ Kd6 56.f4 f6 57.fxg5 fxg5
58.Ra7 b5 59.Ra6+ Kd7 60.Kd3 Bd6 61.Kc3 b4+ 62.Kb3 Bf8 63.Ra8 Be7 64.Rh8 Kd6
65.Rxh6+ Kxd5 66.Rg6  1-0

[Event "Harkany op"]
[Site "Harkany"]
[Date "1993.??.??"]
[Round "5"]
[White "Horvath, Peter"]
[Black "Purtov, Andrei"]
[Result "0-1"]
[WhiteElo "2390"]
[BlackElo "2430"]

1.d4 Nf6 2.Nf3 g6 3.c4 Bg7 4.g3 O-O 5.Bg2 d6 6.Nc3 Nc6 7.O-O e5 8.d5 Ne7
9.e4 Ne8 10.Ne1 f5 11.Nd3 Nf6 12.f4 Nxe4 13.Nxe4 fxe4 14.Bxe4 c6 15.fxe5 Rxf1+
16.Qxf1 cxd5 17.cxd5 Bf5 18.Bg2 Qb6+ 19.Nf2 Bxe5 20.Qe2 Rc8 21.Be3 Qxb2 22.Qxb2 Bxb2
23.Re1 Bc3 24.Re2 Be5 25.g4 Bd7 26.Bf3 Bb5 27.Re1 Rc2 28.Rb1 Ba6 29.Bxa7 Rxa2
30.Rc1 Kf7 31.Kg2 Ke8 32.Be3 Kd7 33.Bb6 Rb2 34.Rc7+ Ke8 35.Be3 Kd8 36.Rc1 Kd7
37.g5 Be2 38.Be4 Nf5 39.Ba7 Bf4 40.Rc3 Bxg5  0-1

[Event "Harkany op"]
[Site "Harkany"]
[Date "1993.??.??"]
[Round "9"]
[White "Mochalov, Evgeny V"]
[Black "Groszpeter, Attila"]
[Result "1/2-1/2"]
[WhiteElo "2420"]
[BlackElo "2515"]

1.d4 Nf6 2.Nf3 g6 3.g3 Bg7 4.Bg2 O-O 5.c4 d6 6.O-O Nbd7 7.Qc2 e5 8.Rd1 Qe7
9.Nc3 c6 10.e4 exd4 11.Nxd4 Re8 12.b3 Nc5 13.f3 a5 14.Be3 Nfd7 15.Bf2 Ne5
16.h3 f5 17.exf5 Bxf5 18.Nxf5 gxf5 19.f4 Nf7 20.Re1 Qf6 21.Rxe8+ Rxe8 22.Re1 Rxe1+
23.Bxe1 h5 24.Kh2 h4 25.Ne2 hxg3+ 26.Nxg3 Bh6 27.Qxf5 Qxf5 28.Nxf5 Bxf4+
29.Kg1 a4 30.b4 Nd3 31.Bc3 Be5 32.Bd2 Bf4 33.Bxf4 Nxf4 34.Bf1 Kh7 35.Kf2 Kg6
36.Nd4 Kf6 37.Ke3 Ng6 38.Ne2 Ke5 39.Nc3 Nh6 40.Nxa4 Nf5+ 41.Kf3 Nf4 42.Nb2 Nd4+
43.Kf2 Nc2 44.b5 Kd4 45.a4 Kc3 46.Kf3 Nxh3 47.Nd1+ Kb4 48.Bxh3 Kxa4 49.Ne3 Na3
50.bxc6 bxc6 51.Bf1 Kb4 52.Bd3 Kc5 53.Ke2 d5 54.cxd5 cxd5  1/2-1/2

[Event "Heraklio op"]
[Site "Heraklio"]
[Date "1993.??.??"]
[Round "5"]
[White "Klarenbeek, Mark"]
[Black "Markovic, Miroslav"]
[Result "0-1"]
[WhiteElo "2405"]
[BlackElo "2510"]

1.d4 Nf6 2.Nf3 g6 3.c4 Bg7 4.g3 O-O 5.Bg2 d6 6.O-O Nc6 7.Nc3 Bg4 8.h3 Bxf3
9.Bxf3 Nd7 10.e3 e5 11.d5 Ne7 12.Rb1 f5 13.e4 f4 14.b4 a5 15.a3 h5 16.Nb5 axb4
17.axb4 Bh6 18.Qe2 Rf6 19.Bd2 Kh7 20.g4 hxg4 21.Bxg4 f3 22.Qd3 Bxd2 23.Qxd2 Rf4
24.Rb3 Nf6 25.Rxf3 Nxe4 26.Qe3 Rxf3 27.Qxf3 Nd2 28.Qf7+ Kh6 29.Rd1 Ra2 30.Qf6 Ne4
31.Qh4+ Kg7 32.Rf1 c6 33.Be6 Nd2  0-1

[Event "Heraklio op"]
[Site "Heraklio"]
[Date "1993.??.??"]
[Round "6"]
[White "Semkov, Semko"]
[Black "Metaxas, Petros"]
[Result "1-0"]
[WhiteElo "2480"]
[BlackElo "2225"]

1.d4 Nf6 2.c4 g6 3.Nf3 Bg7 4.g3 O-O 5.Bg2 d6 6.O-O Nbd7 7.Qc2 e5 8.Rd1 Re8
9.e4 Qe7 10.Nc3 c6 11.b3 a5 12.d5 c5 13.Bd2 Nh5 14.Nb5 Nf8 15.a3 b6 16.b4 axb4
17.axb4 Ba6 18.bxc5 bxc5 19.Ba5 Bxb5 20.cxb5 Reb8 21.Bf1 Bh6 22.Nd2 Bxd2
23.Bxd2 Ng7 24.Ra6 Ra7 25.Bg5 Qc7 26.Rda1 Rab7 27.Rc6 Qd7 28.Raa6 Ne8 29.h3 Kg7
30.b6 Ne6 31.Be3 Nd8 32.Qa4 Qe7 33.Qa5 f5 34.Bd3 fxe4 35.Bxe4 Nf7 36.Ra8 Qd8
37.Rxb8 Qxb8 38.f4 Nd8 39.fxe5 Nxc6 40.dxc6 Rxb6 41.exd6 Qxd6 42.Qa7+ Kg8
43.Bd5+ Qxd5 44.Qxb6 Qd1+ 45.Kg2 Qd5+ 46.Kf2 Qf7+ 47.Kg1 Qf3 48.Qb3+ Qf7
49.Qb5 Qf3 50.Bf4 Qd1+ 51.Qf1 Qd5 52.Qg2 Qd4+ 53.Kh2 Qd8 54.Qe2 Kf8 55.Qe6 Qd4
56.Bh6+ Ng7 57.Bxg7+  1-0

[Event "Heraklio op"]
[Site "Heraklio"]
[Date "1993.??.??"]
[Round "6"]
[White "Voiska, Margarita"]
[Black "Grivas, Efstratios"]
[Result "0-1"]
[WhiteElo "2345"]
[BlackElo "2505"]

1.d4 Nf6 2.c4 g6 3.Nf3 Bg7 4.g3 O-O 5.Bg2 d6 6.O-O Nbd7 7.Nc3 e5 8.e4 c6
9.h3 Qb6 10.c5 dxc5 11.dxe5 Ne8 12.e6 fxe6 13.Ng5 e5 14.Qe2 Qa6 15.Qxa6 bxa6
16.b3 Nc7 17.Ba3 h6 18.Nf3 Nb5 19.Nxb5 axb5 20.Rac1 b4 21.Bb2 a5 22.a4 c4
23.bxc4 Re8 24.c5 Bf8 25.Rfd1 Nxc5 26.Bxe5 Ba6 27.Bf1 Bxf1 28.Kxf1 Rac8 29.Bd4 Nxe4
30.Ne5 c5 31.Bb2 Bg7 32.Rd5 Red8 33.Rxd8+ Rxd8 34.f3 Nxg3+ 35.Ke1 Rd5 36.Nc4 Bxb2
37.Nxb2 Nh5 38.Nc4 Nf4 39.Ra1 Rd3 40.Nxa5 Rc3 41.Kd2 c4 42.Nc6 Rd3+ 43.Ke1 b3
44.a5 b2 45.Rb1 c3 46.Nb4 Rd2 47.a6 Nd3+  0-1

[Event "Heraklio summer"]
[Site "Heraklio"]
[Date "1993.??.??"]
[Round "7"]
[White "Mastrokoukos, Georgios"]
[Black "Vragoteris, Antonios"]
[Result "1-0"]
[WhiteElo "2320"]
[BlackElo "2310"]

1.Nf3 Nf6 2.d4 g6 3.c4 Bg7 4.g3 O-O 5.Bg2 d6 6.O-O Nbd7 7.Qc2 e5 8.dxe5 dxe5
9.Rd1 Re8 10.e4 c6 11.h3 Qc7 12.c5 Bf8 13.Be3 b6 14.cxb6 axb6 15.Nc3 Qa7
16.Nd2 Ba6 17.Nb3 Bc4 18.a4 Bxb3 19.Qxb3 Bc5 20.Bxc5 Nxc5 21.Qc4 Rac8 22.Rd6 Qe7
23.Rad1 Red8 24.Rxd8+ Rxd8 25.b4 Rxd1+ 26.Nxd1 Nxa4 27.Qxc6 Qxb4 28.Ne3 Nh5
29.g4  1-0

[Event "Heraklio op"]
[Site "Heraklio"]
[Date "1993.??.??"]
[Round "8"]
[White "Drasko, Milan"]
[Black "Markovic, Miroslav"]
[Result "1-0"]
[WhiteElo "2520"]
[BlackElo "2510"]

1.d4 Nf6 2.c4 g6 3.Nf3 Bg7 4.g3 O-O 5.Bg2 d6 6.O-O Nc6 7.Nc3 Bg4 8.Be3 Qd7
9.Qa4 a6 10.d5 Bxf3 11.exf3 Ne5 12.Qb3 c5 13.dxc6 bxc6 14.Qa4 Rfc8 15.Rad1 Qe6
16.b3 Qf5 17.f4 Neg4 18.Bd4 e5 19.fxe5 dxe5 20.Bb6 e4 21.h3 Ne5 22.Qa5 Re8
23.Kh1 Bf8 24.Bd8 Nfd7 25.Bc7 Nc5 26.Bb6 Ncd3 27.Nxe4 Bb4 28.Qa4 a5 29.Rxd3 Nxd3
30.Qxc6 Rec8 31.Qf6 Ra6 32.Qxf5 gxf5 33.Nf6+ Kg7 34.Nd7 Re8 35.c5 a4 36.Bb7 axb3
37.Bxa6 bxa2 38.Bc4 Ra8 39.Bxd3 f4 40.gxf4 a1=Q 41.Rxa1 Rxa1+ 42.Kg2 Rd1
43.Bf5 Rc1 44.Be4 Rc4 45.Kf3 Bd2 46.c6 f5 47.Bd5  1-0

[Event "Herzliya"]
[Site "Herzliya"]
[Date "1993.??.??"]
[Round "2"]
[White "Davies, Nigel R"]
[Black "Lev, Ronen"]
[Result "0-1"]
[WhiteElo "2505"]
[BlackElo "2465"]

1.d4 Nf6 2.c4 g6 3.Nf3 Bg7 4.g3 O-O 5.Bg2 d6 6.O-O Nbd7 7.Nc3 e5 8.e4 c6
9.h3 Qb6 10.d5 Nc5 11.Qe2 Qa6 12.Bg5 h6 13.Bxf6 Bxf6 14.Rfd1 Be7 15.Qd2 Kg7
16.b4 Nd7 17.dxc6 bxc6 18.b5 Qb6 19.bxc6 Qxc6 20.Nd5 Bd8 21.Ne3 Be7 22.Nh4 Nb6
23.Rac1 Qc5 24.Nf3 Bd7 25.h4 Rac8 26.Qe2 Ba4 27.Re1 Bd7 28.Nd2 Rc7 29.Nb3 Qb4
30.Bf1 Rfc8 31.Red1 Be6 32.Nd5 Bxd5 33.cxd5 Na4 34.Rxc7 Rxc7 35.Qe1 Nc3 36.Rc1 Bd8
37.Bd3 Nxa2 38.Qxb4 Nxb4 39.Rxc7 Bxc7 40.Bb5 Bb6 41.Kf1 a6 42.Bd7 Nd3 43.f3 Nb2
44.Ke2 h5 45.Nc1 Kf6 46.g4 Kg7 47.Kd2 g5 48.gxh5 gxh4 49.Ke2 Kh6 50.Bg4 Nc4
51.Nd3 a5  0-1

[Event "HUN-chT2"]
[Site "HUN"]
[Date "1993.??.??"]
[Round "?"]
[White "Lengyel, Ferenc"]
[Black "Apatoczky, Pal"]
[Result "1-0"]
[WhiteElo "2285"]
[BlackElo "2250"]

1.d4 Nf6 2.c4 g6 3.Nf3 Bg7 4.g3 O-O 5.Bg2 d6 6.O-O Nbd7 7.Nc3 c6 8.h3 e5
9.e4 exd4 10.Nxd4 Nc5 11.Bf4 Re8 12.Re1 Ne6 13.Be3 Nxd4 14.Bxd4 Be6 15.Qd3 c5
16.Be3 Qb6 17.b3 Rad8 18.Rac1 Nd7 19.f4 Nb8 20.f5 Bc8 21.Nd5 Qa5 22.Bd2 Qxa2
23.f6 Bf8 24.Ra1 Qxa1 25.Rxa1 Nc6 26.Bc3 Ne5 27.Bxe5 Rxe5 28.Rxa7 Bd7 29.Rxb7 Bc6
30.Ne7+ Bxe7 31.Rxe7 Re6 32.e5 Bxg2 33.Kxg2 Kf8 34.Rxe6 fxe6 35.Qd2  1-0

[Event "HUN-chT2"]
[Site "HUN"]
[Date "1993.??.??"]
[Round "?"]
[White "Korpics, Zsolt"]
[Black "Meszaros, A."]
[Result "0-1"]
[WhiteElo "2320"]
[BlackElo "2345"]

1.d4 Nf6 2.c4 g6 3.Nf3 Bg7 4.g3 O-O 5.Bg2 d6 6.O-O Nbd7 7.Nc3 e5 8.h3 Re8
9.e4 exd4 10.Nxd4 a6 11.b3 Rb8 12.Bf4 Ne5 13.Rc1 c5 14.Nf3 Nh5 15.Be3 b5
16.Nxe5 Bxe5 17.cxb5 axb5 18.b4 c4 19.Bd4 Be6 20.Qd2 Qc8 21.Kh2 Rd8 22.f4 Ng7
23.Qf2 Bxd4 24.Qxd4 f5 25.Rfe1 Bf7 26.exf5 Nxf5 27.Qf6 d5 28.Re5 Rd6 29.Qg5 Ra8
30.Nxd5 Rxd5 31.Rxd5 Ne3 32.Rcd1 Nxd5 33.Bxd5 Rxa2+ 34.Bg2 Qc6 35.Rd8+ Kg7
36.Qe5+ Qf6 37.Qxf6+ Kxf6 38.g4 c3 39.Kg3 Rxg2+ 40.Kxg2 c2 41.g5+ Ke7 42.Rc8 Bc4  0-1

[Event "HUN-chT"]
[Site "HUN"]
[Date "1993.??.??"]
[Round "?"]
[White "Csom, Istvan"]
[Black "Schneider, Attila"]
[Result "1/2-1/2"]
[WhiteElo "2520"]
[BlackElo "2355"]

1.c4 g6 2.d4 Nf6 3.Nf3 Bg7 4.g3 O-O 5.Bg2 d6 6.Nc3 Nc6 7.O-O e5 8.dxe5 Nxe5
9.Nxe5 dxe5 10.Qxd8 Rxd8 11.Bg5 Rd4 12.b3 c6 13.Rad1 Kf8 14.Be3 Rxd1 15.Rxd1 Ke8
16.h3 Bf8  1/2-1/2

[Event "HUN-chT2"]
[Site "HUN"]
[Date "1993.??.??"]
[Round "?"]
[White "Seres, Lajos"]
[Black "Hazai, Laszlo"]
[Result "1/2-1/2"]
[WhiteElo "2280"]
[BlackElo "2470"]

1.d4 Nf6 2.c4 g6 3.Nf3 Bg7 4.g3 O-O 5.Bg2 d6 6.Nc3 Nc6 7.d5 Na5 8.b3 c5 9.Bb2 a6
10.O-O Rb8 11.Nd2 b5 12.Qc2 e5 13.Rae1 Nh5 14.Nd1 f5  1/2-1/2

[Event "HUN-chT"]
[Site "HUN"]
[Date "1993.??.??"]
[Round "?"]
[White "Hever, Miklos"]
[Black "Balazs, Tibor Jr"]
[Result "1-0"]
[WhiteElo "2305"]
[BlackElo "2240"]

1.Nf3 Nf6 2.c4 g6 3.d4 Bg7 4.g3 O-O 5.Bg2 d6 6.O-O Nc6 7.Nc3 a6 8.b3 e5 9.dxe5 Ng4
10.Bg5 Qd7 11.Nd5 Ncxe5 12.Nxe5 Bxe5 13.Rc1 h6 14.Bd2 Bg7 15.Ba5 b6 16.Bd2 Rb8
17.h3 c6 18.Nxb6 Rxb6 19.hxg4 Rb8 20.g5 hxg5 21.Bxg5 Bb7 22.Qd3 Rfe8 23.Rfd1 Qg4
24.Be3 Rbd8 25.Rc2 Rd7 26.Bd4 Bh6 27.Bb2 Kh7 28.Qd4 Qe6 29.Qh4 g5 30.Qh5 f5
31.e4 Rdd8 32.Bh3 Rf8 33.Bxf5+ Rxf5 34.exf5 Qxf5 35.Re2 Rd7 36.Re8 Rg7 37.Rh8+  1-0

[Event "HUN-chT"]
[Site "HUN"]
[Date "1993.??.??"]
[Round "?"]
[White "Somogyi, Istvan"]
[Black "Peter, Ambrus"]
[Result "0-1"]
[WhiteElo "2295"]
[BlackElo "2295"]

1.d4 Nf6 2.Nf3 g6 3.c4 Bg7 4.g3 O-O 5.Bg2 d6 6.Nc3 Nbd7 7.O-O e5 8.e4 exd4
9.Nxd4 Re8 10.Re1 Nc5 11.Bf4 Ng4 12.f3 Ne5 13.Bf1 c6 14.Nb3 Be6 15.Bxe5 Bxe5
16.Nxc5 dxc5 17.Kg2 Qb6 18.Qc2 Rad8 19.Rad1 Rd4 20.b3 Qa5 21.Ne2 Rdd8 22.Nc1 h5
23.Rxd8 Rxd8 24.Rd1 Rxd1 25.Qxd1 Qc3 26.Nd3 Bd4 27.Qc1 Qa5 28.Qc2 h4 29.Nf4 Bc8
30.Qe2 Qd8 31.g4 Qc7 32.Nd3 b5 33.Qc2 Qd6 34.Kh3 bxc4 35.Qxc4 Bg1 36.Qc2 Ba6
37.e5 Qd5 38.Kg2 Bd4 39.Be2 Bc8 40.Qc1 Bxg4 41.Nf4 h3+ 42.Nxh3 Qxe5 43.Qd2 Be6
44.Bd3 Be3 45.Qe1 Qd4 46.Qe2 a5 47.Be4 c4 48.bxc4 Bxc4 49.Qc2 c5 50.a4 Be6
51.Nf2 Bxf2 52.Qxf2 Qxf2+ 53.Kxf2 Kg7 54.Ke3 Kf6 55.h4 g5 56.hxg5+ Kxg5 57.Bc2 Bd5
58.Bd3 Bb3 59.Bb5 Kf5 60.Bd7+ Be6 61.Bb5 Ke5 62.Bc6 Bb3 63.Be8 f6 64.f4+ Kf5
65.Bd7+ Be6 66.Bc6 Kg4 67.Bf3+ Kg3 68.Bd1 Ba2 69.Be2 Bb3 70.Bb5 c4 71.f5 Kg4
72.Bd7 c3 73.Kd3 c2 74.Kd2 Kf4 75.Kc1 Ke3 76.Bb5 Kd4 77.Kb2 Kc5  0-1